000 00605nam a2200217 a 4500
005 20210219152857.0
008 991125n 000 0 spa u
035 _aUPN01000064825
100 _aGONZALEZ LOBO, Carlos
222 _aFORO UNIVERSITARIO
245 _aLa arquitectura universitaria en el rectorado del doctor Soberón
300 _a55-58
362 _a1981 2a época, no. 7, jun.
653 0 _aARQUITECTURA
653 0 _aINSTALACIONES EDUCATIVAS
653 0 _aSOBERON ACEVEDO, GUILLERMO
653 0 _aUNAM
653 0 _aUNIVERSIDADES
904 _aAC
_b002636
905 _aArticulo
999 _c62760
_d62760